Sports Quiz

Random Sports or Play Quiz
Score 0/139 Timer 15:00
0 Plays Today
Player Club % Correct
Levante
95.3%
Levante
95.3%
Levante
95.3%
Levante
95.3%
Levante
95.3%
Levante
95.3%
Levante
95.3%
Levante
95.3%
Levante
95.3%
Levante
95.3%
Levante
95.3%
Levante
95.3%
Levante
95.3%
Levante
95.3%
Levante
95.3%
Levante
95.3%
Levante
95.3%
Levante
95.3%
Levante
95.3%
Levante
95.3%
JasonLevante
95.3%
Levante
95.3%
Levante
95.3%
Levante
95.3%
Levante
95.3%
Levante
95.3%
Levante
95.3%
Levante
95.3%
Levante
95.3%
Levante
95.3%
Levante
95.3%
Levante
95.3%
Levante
95.3%
Borja MayoralReal Madrid
94.3%
Real Madrid
94.3%
Barcelona
89.6%
RochinaBarcelona
89.6%
Antonio LunaSevilla
88.7%
Sevilla
88.7%
Sevilla
88.7%
Jose CampañaSevilla
88.7%
Aston Villa
82.1%
Pedro LopezValencia
78.3%
RogerValencia
78.3%
Paco Lopez (DT)Valencia
78.3%
Eibar
76.4%
Eibar
76.4%
Player Club % Correct
Villarreal
75.5%
Villarreal
75.5%
Villarreal
75.5%
Villarreal
75.5%
Villarreal
75.5%
Samu GarciaMalaga
71.7%
Malaga
71.7%
Rober PierDeportivo
70.8%
Getafe
68.9%
Real Sociedad
67%
Aitor FernandezAthletic Bilbao
67%
Athletic Bilbao
67%
Osasuna
67%
CokeRayo Vallecano
67%
Rayo Vallecano
67%
Granada
64.2%
Granada
64.2%
Granada
64.2%
KokeEspanyol
63.2%
Mallorca
62.3%
Porto
62.3%
Real Valladolid
61.3%
Real Valladolid
61.3%
Zurich
59.4%
Zurich
59.4%
Zurich
59.4%
PostigoLeganes
58.5%
Leganes
58.5%
Leganes
58.5%
ChemaElche
57.5%
Braga SC
57.5%
Schalke
56.6%
Valladolid
56.6%
Zaragoza
54.7%
Zaragoza
54.7%
Nacional
52.8%
Nacional
52.8%
Rubin Kazan
52.8%
Rubin Kazan
52.8%
Numancia
50.9%
Sampdoria
48.1%
Racing
46.2%
Albacete
46.2%
Almeria
45.3%
Rennes
44.3%
Rennes
44.3%
Recreativo
42.5%
Player Club % Correct
Alcorcon
40.6%
Alcorcon
40.6%
Vaduz
40.6%
Gent
38.7%
Torino
34%
Wolfsburg
33%
Crystal Palace
29.2%
Hellas Verona
27.4%
Legia Warsaw
27.4%
Castellon
26.4%
Brondby
25.5%
Ujpest
24.5%
Emmanuel BoatengRio Ave
24.5%
Blackburn
23.6%
Lugano
23.6%
Lugano
23.6%
Metz
22.6%
Nancy
20.8%
Cheick DoucoureLorient
19.8%
Lorient
19.8%
Alcoyano
18.9%
Nurnberg
17.9%
Moses SimonTrencin
17.9%
Moreirense
17.9%
Sanjin PrcicSochaux
17%
Spezia
16%
Spezia
16%
Fuenlabrada
15.1%
Sabadell
14.2%
Barakaldo
13.2%
OierUnion Salamanca
12.3%
Nikola VukcevicBuducnost
12.3%
Perugia
11.3%
Erick CabacoRentistas
9.4%
Baskonia
8.5%
Liefering
8.5%
Jose Luis MoralesParla
7.5%
Prespa Birlik
3.8%
Epinal
1.9%
Enis BardhiShkupi
1.9%
Locarno
1.9%
Armando SadikuGramozi
0.9%
Elbasani
0.9%
ToñoSanguntino
0%
Raphael DwamenaRB Ghana
0%
Remove Ads.
Support Sporcle.
Get the best of Sporcle when you Go Orange. This ad-free experience offers more features, more stats, and more fun while also helping to support Sporcle. Thank you for becoming a member.

You're not logged in!

Compare scores with friends on all Sporcle quizzes.
OR
Log In

Show Comments

Extras

Top Quizzes Today


Score Distribution

Your Account Isn't Verified!

In order to create a playlist on Sporcle, you need to verify the email address you used during registration. Go to your Sporcle Settings to finish the process.

Report this User

Report this user for behavior that violates our Community Guidelines.

Details: